000 00292nam a22001337a 4500
008 170526b xxu||||| |||| 00| 0 eng d
020 _a0132601583
041 _aeng
080 _a62
100 _a25
101 _aIM
245 _aELEMENTARY STEEL STRUCTURES
_cHSIEH, Y.Y
942 _2udc
_cBK
999 _c14378
_d14378